[Event "Tournoi Skype 031B"]
[Site "Skype"]
[Date "????.??.??"]
[Round "1.36"]
[White "Bondone, Silvestre"]
[Black "Sosa, Juan Carlos"]
[Result "0-1"]
[WhiteElo "1000"]
[BlackElo "1199"]
[PlyCount "46"]

1. e4 e5 2. Nc3 Nf6 3. Bc4 Bc5 4. Na4 Bb4 5. c3 Be7 6. d3 O-O 7. Nf3 d6 8. O-O
c6 9. Ng5 b5 10. b3 bxc4 11. bxc4 d5 12. Qh5 Nbd7 13. Qxh7+ Nxh7 14. Be3 Nxg5
15. h4 Nh7 16. f4 Bxh4 17. fxe5 Nxe5 18. Nc5 dxe4 19. Nxe4 Qxd3 20. Nf6+ Nxf6
21. Bc5 Re8 22. Rf4 Qg3 23. Bf2 Qxf4 0-1

[Event "Tournoi Skype 031B"]
[Site "Skype"]
[Date "????.??.??"]
[Round "1.37"]
[White "Radice, Marco"]
[Black "Bosetti, Giancarlo"]
[Result "0-1"]
[WhiteElo "1198"]
[BlackElo "1000"]
[PlyCount "88"]

1. d4 Nf6 2. Bf4 d6 3. Nf3 Bg4 4. e3 Nbd7 5. Be2 e5 6. dxe5 dxe5 7. Nxe5 Bxe2
8. Qxe2 Bb4+ 9. c3 O-O 10. O-O Bd6 11. Nxd7 Nxd7 12. Qg4 Bxf4 13. Qxf4 Re8 14.
Rd1 Re7 15. Na3 c6 16. Rd2 Qb6 17. Rxd7 Rxd7 18. Nc4 Qd8 19. Qf3 Rc8 20. Ne5
Re7 21. Rd1 Qe8 22. Nc4 Rd8 23. Nd6 Qd7 24. c4 Re6 25. c5 b6 26. h3 bxc5 27.
Qg3 Rxd6 28. Rxd6 Qxd6 29. Qf3 Qd1+ 30. Kh2 Qxf3 31. gxf3 Rd2 32. Kg3 Rxb2 33.
Kf4 Rb4+ 34. e4 c4 35. Ke3 c5 36. Kd2 Kf8 37. Kc3 Ra4 38. a3 Rxa3+ 39. Kxc4
Rxf3 40. Kxc5 Rxf2 41. e5 Ke7 42. h4 Rf4 43. h5 Rf5 44. Kd4 Rxh5 0-1

[Event "Tournoi Skype 031B"]
[Site "Skype"]
[Date "????.??.??"]
[Round "1.38"]
[White "Camargo, Vanessa"]
[Black "Alarcon Alarcon, Marina"]
[Result "0-1"]
[WhiteElo "1000"]
[BlackElo "1196"]
[PlyCount "38"]

1. e4 e5 2. Nf3 Nc6 3. c4 Nf6 4. Nc3 Bb4 5. Be2 d6 6. O-O O-O 7. a3 Bxc3 8.
dxc3 Nxe4 9. Be3 Bf5 10. c5 dxc5 11. Qxd8 Raxd8 12. Bxc5 Nxc5 13. Ng5 h6 14. f4
hxg5 15. fxg5 Bd3 16. Rae1 Bxe2 17. Rxe2 Nb3 18. Re4 Nd2 19. h3 Nxe4 0-1

[Event "Tournoi Skype 031B"]
[Site "Skype"]
[Date "????.??.??"]
[Round "1.39"]
[White "Pirola, Gabriele"]
[Black "Carias, Nancy"]
[Result "1-0"]
[WhiteElo "1196"]
[BlackElo "1000"]
[PlyCount "55"]

1. Nf3 f5 2. d4 Nf6 3. c3 e6 4. Bg5 Be7 5. e3 b6 6. Ne5 O-O 7. Bd3 Ne4 8. Bxe7
Qxe7 9. Qc2 Nxf2 10. Qxf2 Rf6 11. Qf3 Bb7 12. Qxb7 Rh6 13. Qxa8 Qd8 14. Nxd7
Qxd7 15. Qxb8+ Kf7 16. Qxa7 Kg6 17. Nd2 Rh5 18. g4 Kh6 19. gxf5 g6 20. fxg6
hxg6 21. Qa8 Qf7 22. Qh8+ Qh7 23. Qxh7+ Kxh7 24. O-O-O Rh6 25. Rdf1 b5 26. Rhg1
Kh8 27. Bxg6 Rxg6 28. Rxg6 1-0

[Event "Tournoi Skype 031B"]
[Site "Skype"]
[Date "????.??.??"]
[Round "1.40"]
[White "Cassano, Mariangela"]
[Black "Roberts, Mario"]
[Result "0-1"]
[WhiteElo "1000"]
[BlackElo "1195"]
[PlyCount "42"]

1. d4 Nf6 2. c4 d5 3. e3 Bf5 4. Nf3 Nbd7 5. Be2 c5 6. cxd5 Nxd5 7. Nc3 Nxc3 8.
bxc3 h6 9. O-O a6 10. Bd3 Bg4 11. h3 Bh5 12. Ba3 b6 13. Rb1 e6 14. Qc2 Bd6 15.
Rfe1 Nf8 16. g3 Bxf3 17. h4 Qc7 18. Qa4+ Bc6 19. Qb3 Bxg3 20. fxg3 Qxg3+ 21.
Kf1 Qg2# 0-1

[Event "Tournoi Skype 031B"]
[Site "Skype"]
[Date "????.??.??"]
[Round "1.41"]
[White "Busto, Ricardo"]
[Black "De Souza, Luciano"]
[Result "1/2-1/2"]
[WhiteElo "1194"]
[BlackElo "1000"]
[PlyCount "99"]

1. c4 e5 2. Nc3 c6 3. e3 Nf6 4. d4 d6 5. Be2 Be6 6. Nf3 Nbd7 7. O-O Be7 8. Ng5
Bf5 9. Bd3 Bxd3 10. Qxd3 h6 11. Nge4 Nxe4 12. Qxe4 Nf6 13. Qc2 O-O 14. dxe5
dxe5 15. b3 Re8 16. Ne4 Nxe4 17. Qxe4 Bf6 18. Bb2 Qc7 19. Qc2 a5 20. a4 Red8
21. Rfd1 Rd6 22. Rxd6 Qxd6 23. Rd1 Qc7 24. Qe2 Qe7 25. Qd2 e4 26. Bxf6 Qxf6 27.
Qc2 Qe7 28. Qd2 b6 29. Qd6 Qxd6 30. Rxd6 Rc8 31. Kf1 b5 32. cxb5 cxb5 33. axb5
Rc3 34. Ra6 Rxb3 35. Rxa5 Rb1+ 36. Ke2 Rb2+ 37. Kf1 Rb1+ 38. Ke2 Rb2+ 39. Kd1
f5 40. b6 Rxb6 41. Rxf5 Re6 42. Kd2 g6 43. Rf4 g5 44. Rf5 Kg7 45. f3 Rf6 46.
Rxf6 Kxf6 47. fxe4 Ke5 48. Kd3 h5 49. h3 g4 50. h4 1/2-1/2

[Event "Tournoi Skype 031B"]
[Site "Skype"]
[Date "????.??.??"]
[Round "1.43"]
[White "De Nobrega, George"]
[Black "Dodi, Roberto"]
[Result "0-1"]
[WhiteElo "1181"]
[BlackElo "1000"]
[PlyCount "49"]

1. e4 c5 2. Nf3 d6 3. h3 Nf6 4. Nc3 e6 5. d4 cxd4 6. Nxd4 Be7 7. Bc4 Bd7 8. Nf3
Nc6 9. O-O O-O 10. Bf4 Qc7 11. a3 Rac8 12. Nb5 Qb8 13. Bb3 a6 14. Nbd4 e5 15.
Nxc6 Bxc6 16. Bg3 Nxe4 17. Re1 b5 18. Bh2 Qa7 19. Re2 Nf6 20. Nh4 Qd7 21. c3 d5
22. Bxe5 a5 23. Bc2 Qe6 24. Bf5 Qd7 25. Bxd7 0-1

[Event "Tournoi Skype 031B"]
[Site "Skype"]
[Date "????.??.??"]
[Round "1.44"]
[White "Fabre, Gregory"]
[Black "Llabres, Sergio"]
[Result "0-1"]
[WhiteElo "1000"]
[BlackElo "1181"]
[PlyCount "50"]

1. e4 c6 2. Nc3 d5 3. Nf3 dxe4 4. Nxe4 Bf5 5. Bd3 e6 6. Ne5 Nf6 7. Ng5 Rg8 8.
Qe2 Bxd3 9. cxd3 Qd5 10. O-O Nbd7 11. Ngxf7 Nxe5 12. Nxe5 O-O-O 13. Nf7 Rd7 14.
Ne5 Rc7 15. b3 Bd6 16. Bb2 Bxe5 17. Bxe5 Rd7 18. Bc3 Re8 19. Qe3 Kb8 20. Qf4+
e5 21. Bxe5+ Rxe5 22. Rfe1 Rde7 23. d4 Nh5 24. Qh4 Rxe1+ 25. Rxe1 Rxe1# 0-1

[Event "Tournoi Skype 031B"]
[Site "Skype"]
[Date "????.??.??"]
[Round "1.45"]
[White "Conde, Abigail"]
[Black "Flores, Carlos"]
[Result "1-0"]
[WhiteElo "1177"]
[BlackElo "1000"]
[PlyCount "71"]

1. d4 e6 2. Bf4 Nc6 3. e3 Nf6 4. Nd2 h6 5. Ngf3 d6 6. c3 Nd5 7. Bg3 Be7 8. Bd3
Nf6 9. Qa4 Bd7 10. Qb5 Rb8 11. Qb3 Na5 12. Qc2 Bc6 13. O-O-O b5 14. e4 Nb7 15.
e5 dxe5 16. Nxe5 Bxg2 17. Rhe1 Bh3 18. Bg6 Nd6 19. Nc6 Qc8 20. Nxb8 Bg4 21. f3
Bh5 22. Bxh5 Nxh5 23. Nc6 Qb7 24. Nxe7 Kxe7 25. f4 g5 26. f5 Nxf5 27. Qxf5 Nxg3
28. hxg3 Kf8 29. Qc5+ Kg7 30. Ne4 f6 31. Nxf6 Kf7 32. Nh5 Qf3 33. Rf1 Qxf1 34.
Rxf1+ Kg6 35. g4 Rh7 36. Rf6# 1-0

[Event "Tournoi Skype 031B"]
[Site "Skype"]
[Date "????.??.??"]
[Round "1.46"]
[White "Fuentes, Francisco"]
[Black "Malbec, Robert"]
[Result "0-1"]
[WhiteElo "1000"]
[BlackElo "1174"]
[PlyCount "120"]

1. e4 e5 2. Nf3 Nc6 3. c3 Nf6 4. Bc4 Bc5 5. O-O d6 6. d4 O-O 7. h3 h6 8. Be3
Bb6 9. Nbd2 Re8 10. d5 Ne7 11. a3 c6 12. Bxh6 gxh6 13. b4 Kh7 14. Nh4 Rg8 15.
g3 Bxh3 16. Ng2 Rxg3 17. Kh2 Qg8 18. fxg3 Bg4 19. Qc2 Qg6 20. Nh4 Qg5 21. dxc6
Bh5 22. cxb7 Rb8 23. Ndf3 Bxf3 24. Rxf3 Ng4+ 25. Kh3 f6 26. Qd3 Nf2+ 27. Kh2
Nxd3 28. Rxd3 Rxb7 29. Kg2 Rd7 30. Nf3 Qg7 31. Rf1 Ng6 32. Nh4 Nf4+ 33. Kf3
Nxd3 34. Bxd3 h5 35. Nf5 Qg4+ 36. Kg2 a5 37. b5 Qg5 38. Kf3 Qd2 39. Bc4 Qxc3+
40. Ne3 Qxe3+ 41. Kg2 Qxe4+ 42. Rf3 Qxc4 43. Rxf6 Bd4 44. Rf5 Kg6 45. Rf8 Rf7
46. Rg8+ Rg7 47. Rd8 Bc5 48. b6 Qb5 49. a4 Qxb6 50. Re8 Qc6+ 51. Kh3 Qxe8 52.
Kh4 Qe7+ 53. Kh3 Qg5 54. Kg2 Rf7 55. Kh3 Qg4+ 56. Kg2 Rf2+ 57. Kg1 Rf1+ 58.
Kxf1 Qxg3 59. Ke2 Qe3+ 60. Kd1 h4 0-1

[Event "Tournoi Skype 031B"]
[Site "Skype"]
[Date "????.??.??"]
[Round "1.47"]
[White "Barba Cepeda, Julio Cesar"]
[Black "Gagnon, Sindy"]
[Result "1-0"]
[WhiteElo "1173"]
[BlackElo "1000"]
[PlyCount "61"]

1. e4 e5 2. Nf3 b6 3. Bc4 Ne7 4. d3 g6 5. c3 Bg7 6. Ng5 O-O 7. d4 Qe8 8. O-O c6
9. Be3 d6 10. Nd2 Nd7 11. Qb3 Bb7 12. a4 d5 13. Bd3 exd4 14. Bxd4 f6 15. Rfe1
Rc8 16. a5 c5 17. Be3 c4 18. Nxc4 dxc4 19. Bxc4+ Kh8 20. Nf7+ Kg8 21. Nd6+ Kh8
22. Nxe8 Rcxe8 23. axb6 Nxb6 24. Bxb6 axb6 25. Qxb6 Bxe4 26. Rxe4 f5 27. Re6 f4
28. Qb7 Nf5 29. Rxe8 Rxe8 30. h3 Nh4 31. Ra8 1-0

[Event "Tournoi Skype 031B"]
[Site "Skype"]
[Date "????.??.??"]
[Round "1.48"]
[White "Gonzalez, Walter"]
[Black "Yepez, German"]
[Result "1-0"]
[WhiteElo "1000"]
[BlackElo "1171"]
[PlyCount "107"]

1. d4 d5 2. Nf3 e6 3. b3 Nf6 4. e3 Bd6 5. Bd3 O-O 6. O-O c5 7. Bb2 cxd4 8. Bxd4
Nc6 9. Nbd2 e5 10. Bb5 exd4 11. exd4 Bg4 12. c4 Nxd4 13. Ba4 dxc4 14. bxc4 Bf4
15. h3 Bxd2 16. hxg4 Nxf3+ 17. Qxf3 Qa5 18. Bb3 b5 19. c5 Bc3 20. Rac1 b4 21.
Bxf7+ Kxf7 22. g5 Qxc5 23. gxf6 gxf6 24. Rfe1 a5 25. Re4 Qg5 26. Rd1 Rad8 27.
Rxd8 Rxd8 28. Kh2 Be5+ 29. g3 Rd2 30. Rg4 Qh6+ 31. Kg2 Rxa2 32. Qb3+ Kf8 33.
Qxa2 Bc7 34. Qg8+ Ke7 35. Rg7+ Kd6 36. Qf8+ Kc6 37. Rxc7+ Kxc7 38. Qxh6 Kb6 39.
Qxf6+ Kb5 40. Qb2 a4 41. f4 Kc4 42. f5 a3 43. Qa2+ Kc3 44. Qa1+ Kc2 45. Qa2+
Kc1 46. Qb3 h5 47. f6 h4 48. gxh4 a2 49. Qxa2 b3 50. Qxb3 Kd2 51. f7 Kc1 52.
f8=Q Kd2 53. Qfb4+ Kc1 54. Qb1# 1-0

[Event "Tournoi Skype 031B"]
[Site "Skype"]
[Date "????.??.??"]
[Round "1.49"]
[White "Rosenkoetter, David"]
[Black "Lai, Mattia"]
[Result "1-0"]
[WhiteElo "1169"]
[BlackElo "1000"]
[PlyCount "121"]

1. e4 c6 2. d4 d5 3. e5 Bf5 4. Nf3 e6 5. Be2 Bb4+ 6. c3 Ba5 7. O-O Ne7 8. Bg5
O-O 9. Nbd2 Na6 10. Nh4 Be4 11. Nxe4 dxe4 12. Kh1 Qc8 13. f3 e3 14. Bxe7 Re8
15. Bg5 c5 16. Bxe3 cxd4 17. Bxd4 Rd8 18. Bd3 Nc7 19. Bc2 Nd5 20. Qd3 g6 21. f4
Bb6 22. Rf3 Bxd4 23. cxd4 Qc6 24. a3 Rac8 25. Rc1 Rd7 26. Rg3 Nxf4 27. Qe3 Qxc2
28. Rxc2 Rxc2 29. Qxf4 Rdc7 30. Rf3 Rc1+ 31. Rf1 f5 32. exf6 R1c2 33. f7+ Kf8
34. Qh6+ Ke7 35. f8=Q+ Kd7 36. Rf7+ Kc6 37. Rxc7+ Kxc7 38. Qc5+ Rxc5 39. dxc5
Kc6 40. b4 e5 41. Qf8 e4 42. Qd6+ Kb5 43. Qd4 b6 44. cxb6 axb6 45. Qxe4 Ka4 46.
Nf3 Kxa3 47. b5 Kb2 48. Nd4 Ka3 49. Qd3+ Kb4 50. Nc6+ Kc5 51. Na7 h5 52. Qxg6
h4 53. Qc6+ Kb4 54. Qxb6 h3 55. g4 Ka4 56. g5 Kb4 57. g6 Ka4 58. g7 Kb4 59.
g8=Q Ka4 60. Qc5 Ka5 61. Qa2# 1-0

[Event "Tournoi Skype 031B"]
[Site "Skype"]
[Date "????.??.??"]
[Round "1.50"]
[White "Lea, Mary"]
[Black "Nicolini, Francesco"]
[Result "0-1"]
[WhiteElo "1000"]
[BlackElo "1165"]
[PlyCount "36"]

1. e4 e5 2. Nf3 Nc6 3. d4 exd4 4. Nxd4 Qe7 5. Nc3 Nxd4 6. Qxd4 d6 7. Bf4 Nf6 8.
e5 Nh5 9. O-O-O Nxf4 10. exd6 cxd6 11. Bb5+ Kd8 12. Qxf4 Be6 13. Rhe1 Qc7 14.
Nd5 Qc5 15. Qg5+ f6 16. Qf4 Bxd5 17. Bc4 Qxc4 18. Qxd6+ Bxd6 0-1

[Event "Tournoi Skype 031B"]
[Site "Skype"]
[Date "????.??.??"]
[Round "1.51"]
[White "Gomez Zuluaga, Jorge Adiel"]
[Black "Makhoba, Sibusiso"]
[Result "0-1"]
[WhiteElo "1161"]
[BlackElo "1000"]
[PlyCount "64"]

1. c4 e5 2. Nc3 Nf6 3. Qc2 Nc6 4. Nf3 b6 5. e3 Bb7 6. d3 a6 7. Bd2 Bc5 8. Be2
O-O 9. h3 d5 10. Na4 Bb4 11. b3 Re8 12. Bc3 d4 13. Nb2 Bxc3+ 14. Qxc3 dxc3 15.
Na4 Nb4 16. O-O c2 17. Nb2 e4 18. Nd4 exd3 19. Nxd3 Nxd3 20. Bxd3 c5 21. Bxh7+
Nxh7 22. Nxc2 Qg5 23. f3 Rad8 24. Rf2 Bc8 25. f4 Qf6 26. Rb1 Bf5 27. g4 Bxc2
28. Rxc2 Rxe3 29. f5 Qd4 30. Rh2 Rg3+ 31. Kh1 Qe4+ 32. Rg2 Qxg2# 0-1

[Event "Tournoi Skype 031B"]
[Site "Skype"]
[Date "????.??.??"]
[Round "1.52"]
[White "Marin Gomez, Ian Javier"]
[Black "Quiel, Aristoteles"]
[Result "0-1"]
[WhiteElo "1000"]
[BlackElo "1161"]
[PlyCount "56"]

1. e4 e5 2. Nf3 Nc6 3. Bc4 Nf6 4. Nc3 Bc5 5. O-O O-O 6. d3 d6 7. h3 a5 8. Re1
Re8 9. Be3 Bxe3 10. Rxe3 a4 11. Qe2 Bd7 12. Ng5 Be6 13. Nd5 h6 14. Nxf6+ Qxf6
15. Nxe6 fxe6 16. Rd1 Na5 17. Bb5 Nc6 18. Bxc6 bxc6 19. d4 exd4 20. Rf3 Qe5 21.
Rfd3 c5 22. c3 dxc3 23. bxc3 Rab8 24. Re3 a3 25. Qa6 Ra8 26. Qb7 Rec8 27. Rb1
Rab8 28. Qa6 Rxb1+ 0-1

[Event "Tournoi Skype 031B"]
[Site "Skype"]
[Date "????.??.??"]
[Round "1.53"]
[White "Mira Poveda, Jose Antonio"]
[Black "Marroquin Mayhua, Silvia"]
[Result "1-0"]
[WhiteElo "1154"]
[BlackElo "1000"]
[PlyCount "65"]

1. e4 e5 2. Nf3 Nc6 3. Bc4 Nf6 4. Ng5 Nxe4 5. Nxf7 Qe7 6. Nxh8 d6 7. d3 Nc5 8.
Bf7+ Kd8 9. h4 Be6 10. Bg5 Qxg5 11. hxg5 Ne7 12. Bxe6 Nxe6 13. Nf7+ Kd7 14. c3
Ng6 15. Qa4+ c6 16. Rxh7 Nxg5 17. Qg4+ Kc7 18. Qxg5 Ne7 19. d4 Nd5 20. dxe5 Re8
21. Nxd6 Bxd6 22. Qxg7+ Re7 23. Qh6 Bxe5 24. Rxe7+ Nxe7 25. Qe6 Bd6 26. Na3 b5
27. Rd1 Nd5 28. c4 bxc4 29. Nxc4 Be7 30. Ne5 Bb4+ 31. Kf1 Bd6 32. Qd7+ Kb6 33.
Qxc6+ 1-0

[Event "Tournoi Skype 031B"]
[Site "Skype"]
[Date "????.??.??"]
[Round "1.54"]
[White "Martinez, Orlando"]
[Black "Crocioni, Luca"]
[Result "0-1"]
[WhiteElo "1000"]
[BlackElo "1148"]
[PlyCount "79"]

1. b4 e5 2. Bb2 d5 3. c4 d4 4. Nf3 Bd6 5. e3 Bg4 6. exd4 e4 7. Be2 exf3 8. Bxf3
Bxf3 9. Qxf3 Qe7+ 10. Kd1 Qg5 11. Qe2+ Ne7 12. Nc3 Bxb4 13. Nd5 Nbc6 14. Nxc7+
Kd7 15. Nxa8 Rxa8 16. d5 Nd8 17. Rb1 Qf5 18. Rc1 Qf4 19. Bc3 Ba3 20. Qe6+ fxe6
21. Rb1 exd5 22. Rxb7+ Nxb7 23. cxd5 Qxf2 24. Bxg7 Qxg2 25. Re1 Qxg7 26. Re6
Nxd5 27. Ra6 Nf4 28. Rxa3 Qa1+ 29. Kc2 Nc5 30. Ra5 Rc8 31. Rxa7+ Kd6 32. Rf7
Na4+ 33. Kb3 Rb8+ 34. Kc4 Qxa2+ 35. Kd4 Qxd2+ 36. Ke4 Nc5+ 37. Kf3 Rb3+ 38. Kg4
Nce6 39. Rxh7 Qg2+ 40. Kf5 0-1

[Event "Tournoi Skype 031B"]
[Site "Skype"]
[Date "????.??.??"]
[Round "1.55"]
[White "Ortis, Yves"]
[Black "Medeiros, Gercilia Catarina"]
[Result "1-0"]
[WhiteElo "1147"]
[BlackElo "1000"]
[PlyCount "61"]

1. e4 e5 2. f4 Bd6 3. Nf3 Nf6 4. d3 Nc6 5. Nc3 O-O 6. Be2 Re8 7. Bd2 Nd4 8.
Nxd4 exd4 9. Nb5 Bc5 10. e5 Nd5 11. Bf3 Qh4+ 12. g3 Qd8 13. Bxd5 c6 14. Be4
cxb5 15. b4 Bb6 16. Qh5 g6 17. Qh6 d5 18. Bf3 Bf5 19. g4 Be6 20. O-O Qe7 21. f5
Qf8 22. Qh3 a5 23. Bh6 Qe7 24. fxe6 axb4 25. exf7+ Qxf7 26. Bg2 Qe7 27. Bxd5+
Kh8 28. Rf7 Qd8 29. Bg7+ Kg8 30. Bf6 Qxd5 31. Qxh7# 1-0

[Event "Tournoi Skype 031B"]
[Site "Skype"]
[Date "????.??.??"]
[Round "1.56"]
[White "Mgwevela, Luzuko"]
[Black "Balci Gungor, Ayca"]
[Result "1/2-1/2"]
[WhiteElo "1000"]
[BlackElo "1145"]
[PlyCount "108"]

1. e4 e5 2. Bc4 Nf6 3. d3 d6 4. Nf3 Be6 5. Nc3 Nc6 6. Be3 Bxc4 7. dxc4 Be7 8.
h3 O-O 9. O-O Na5 10. b3 c6 11. Ng5 h6 12. Nf3 a6 13. a4 Rb8 14. g4 b5 15. axb5
axb5 16. cxb5 cxb5 17. Ne2 Nxe4 18. Qd3 Nc5 19. Bxc5 dxc5 20. Qxd8 Bxd8 21.
Nxe5 f6 22. Ng6 Re8 23. Nef4 Bc7 24. Nd5 Bd8 25. Rad1 Nc6 26. Rde1 Ba5 27. Re3
Kf7 28. Ngf4 Re5 29. f3 Rbe8 30. h4 Nd4 31. Rf2 Rxe3 32. Nxe3 Rxe3 33. Kh2
Nxf3+ 34. Kh3 Bc7 35. Nd5 Ng1+ 36. Kg2 Rg3+ 37. Kh2 Rxg4+ 38. Nf4 g5 39. Rg2
Nf3+ 40. Kh3 Rxh4+ 41. Kg3 Ne1 42. Rh2 Bxf4+ 43. Kf2 Rxh2+ 44. Kxe1 Bd2+ 45.
Kf1 Bf4 46. c4 bxc4 47. bxc4 Rc2 48. Ke1 Rxc4 49. Ke2 Rc3 50. Kd1 g4 51. Ke1 h5
52. Kf1 Rc2 53. Kg1 h4 54. Kh1 Be3 1/2-1/2

[Event "Tournoi Skype 031B"]
[Site "Skype"]
[Date "????.??.??"]
[Round "1.57"]
[White "Castanha, Marco"]
[Black "Micocci, Lucia"]
[Result "1-0"]
[WhiteElo "1144"]
[BlackElo "1000"]
[PlyCount "39"]

1. e4 e5 2. Nf3 Nc6 3. Bc4 Be7 4. d4 exd4 5. Nxd4 Bc5 6. Nxc6 bxc6 7. O-O Nf6
8. Nc3 O-O 9. h3 d6 10. Re1 Re8 11. Bg5 h6 12. Bh4 d5 13. exd5 Bd7 14. Qf3 Be7
15. dxc6 Qb8 16. cxd7 Rd8 17. Rxe7 Rxd7 18. Rxd7 Qf8 19. Rxc7 Re8 20. Rxf7 1-0

[Event "Tournoi Skype 031B"]
[Site "Skype"]
[Date "????.??.??"]
[Round "1.58"]
[White "Molina, Maria Lucia"]
[Black "Rivalta, Paolo"]
[Result "0-1"]
[WhiteElo "1000"]
[BlackElo "1143"]
[PlyCount "70"]

1. e4 e5 2. Nf3 Nc6 3. Bc4 h6 4. O-O Nf6 5. d3 Bc5 6. h3 O-O 7. Nc3 Nd4 8. Nxe5
d6 9. Nxf7 Rxf7 10. Bxf7+ Kxf7 11. Bf4 Kg8 12. Na4 b5 13. Nxc5 dxc5 14. c3 Ne6
15. Be5 Bb7 16. d4 Nxe4 17. f3 Nf6 18. Qb3 Qd7 19. Rad1 c4 20. Qc2 Nd5 21. Rfe1
Rf8 22. Re4 Ndf4 23. Bxf4 Bxe4 24. fxe4 Nxf4 25. Re1 Nd3 26. Re3 Rf2 27. Re2
Rf4 28. b3 Qf7 29. bxc4 Rf1+ 30. Kh2 bxc4 31. Qa4 Qf4+ 32. g3 Rf2+ 33. Rxf2
Qxf2+ 34. Kh1 Ne1 35. Qxa7 Qg2# 0-1

[Event "Tournoi Skype 031B"]
[Site "Skype"]
[Date "????.??.??"]
[Round "1.59"]
[White "Linares Vernet, Ana"]
[Black "Ndlovu, Jonas"]
[Result "1-0"]
[WhiteElo "1142"]
[BlackElo "1000"]
[PlyCount "169"]

1. d4 d5 2. e3 e6 3. Nf3 Nc6 4. c4 Bb4+ 5. Bd2 Ba5 6. Bxa5 Nxa5 7. Qa4+ c6 8.
b4 b6 9. bxa5 dxc4 10. Qxc4 Nf6 11. Qxc6+ Bd7 12. Qc2 Rc8 13. Nc3 e5 14. Nxe5
Be6 15. Bb5+ Kf8 16. axb6 g6 17. Nc6 Qxb6 18. Qb1 Bd7 19. Qb4+ Kg7 20. Na4 Qb7
21. Nc5 Nd5 22. Nxb7 Nxb4 23. Nxb4 Bxb5 24. Nd6 Rb8 25. Kd2 Ba4 26. a3 Rhd8 27.
Ne4 f5 28. Nc3 Bd7 29. g3 a5 30. Nd3 a4 31. Rhb1 f4 32. Nxf4 Rbc8 33. Rb6 g5
34. Ne6+ Bxe6 35. Rxe6 g4 36. Nxa4 Kf7 37. Re4 h5 38. Rf4+ Ke7 39. Rf5 Rh8 40.
Rg5 h4 41. Rg7+ Kf6 42. Rg5 Ra8 43. Nc5 Rab8 44. Nd7+ Kxg5 45. Nxb8 Rxb8 46.
Kc2 h3 47. Rb1 Rf8 48. Rf1 Rb8 49. Rb1 Ra8 50. Rb3 Kf5 51. Kd3 Rc8 52. e4+ Kg5
53. Rc3 Rb8 54. Rc5+ Kf6 55. Kc3 Ke6 56. d5+ Ke5 57. Kd3 Rb2 58. Rc2 Rb3+ 59.
Rc3 Rb1 60. a4 Rh1 61. a5 Rxh2 62. Ke2 Kxe4 63. d6 Rg2 64. d7 h2 65. d8=Q h1=Q
66. Qe8+ Kd4 67. Qe3+ Kd5 68. Qd3+ Ke5 69. Rc5+ Kf6 70. Qf5+ Ke7 71. Rc7+ Kd6
72. Qc5+ Ke6 73. Qe7+ Kf5 74. Rc5+ Kg6 75. Qg5+ Kf7 76. Rc7+ Ke6 77. Qxg4+ Kd6
78. Qc4 Qg1 79. Qc6+ Ke5 80. Qc3+ Ke4 81. Re7+ Kf5 82. Qd3+ Kf6 83. Qd6+ Kf5
84. Qe6+ Kg5 85. Rg7+ 1-0

[Event "Tournoi Skype 031B"]
[Site "Skype"]
[Date "????.??.??"]
[Round "1.60"]
[White "Ricord, Gerardo"]
[Black "Khatanhar, Mohit"]
[Result "0-1"]
[WhiteElo "1000"]
[BlackElo "1139"]
[PlyCount "72"]

1. e4 e5 2. Nf3 Nc6 3. Bc4 Bc5 4. O-O Nf6 5. d3 O-O 6. Nc3 d6 7. h3 Re8 8. Ng5
Be6 9. Nxe6 fxe6 10. a3 d5 11. Ba2 a6 12. b4 Bd4 13. Bd2 Bxc3 14. Bxc3 d4 15.
Bd2 Kh8 16. Qc1 Qd7 17. Bg5 Qf7 18. c3 dxc3 19. Qxc3 Nd4 20. Rfe1 Qg6 21. h4 h6
22. Bd2 Nf3+ 23. Kf1 Nxe1 24. Bxe1 c6 25. Qxe5 Ng4 26. Qc7 Rf8 27. f3 Ne3+ 28.
Ke2 Qxg2+ 29. Kxe3 Rxf3+ 30. Kd4 e5+ 31. Qxe5 Rd8+ 32. Kc5 Qg1+ 33. Kc4 b5+ 34.
Kc3 Rdxd3+ 35. Kb2 Qg2+ 36. Kb1 Rd1# 0-1

[Event "Tournoi Skype 031B"]
[Site "Skype"]
[Date "????.??.??"]
[Round "1.61"]
[White "Trapletti, Cosetta"]
[Black "Rodgerson, Michael"]
[Result "1-0"]
[WhiteElo "1138"]
[BlackElo "1000"]
[PlyCount "69"]

1. d4 d5 2. e3 Nc6 3. c4 e6 4. Nf3 Bd7 5. Bd3 Qf6 6. Nc3 O-O-O 7. O-O Bd6 8. c5
Be7 9. Nb5 g6 10. h3 Bf8 11. e4 Bh6 12. Be2 Nge7 13. Qa4 Rhe8 14. Nxa7+ Nxa7
15. Qxa7 c6 16. Bxh6 Kc7 17. Qa5+ Kc8 18. Qa8+ Kc7 19. g3 Rxa8 20. Bf4+ Kd8 21.
Rad1 Ra4 22. e5 Qg7 23. Rd2 Rxa2 24. Kg2 Nf5 25. Bg5+ Kc8 26. Rc1 Rg8 27. g4
Ne3+ 28. fxe3 Kc7 29. Ne1 Rga8 30. Rdd1 Ra1 31. Rxa1 Rc8 32. Ra7 Kb8 33. Ra3
Kc7 34. Bf6 Qf8 35. Nc2 1-0

[Event "Tournoi Skype 031B"]
[Site "Skype"]
[Date "????.??.??"]
[Round "1.62"]
[White "Samudio Villarreal, Eduardo"]
[Black "Bellati, Fabio"]
[Result "0-1"]
[WhiteElo "1000"]
[BlackElo "1129"]
[PlyCount "64"]

1. e4 e6 2. Nf3 d5 3. e5 c5 4. d3 Nc6 5. Nc3 Nge7 6. Be2 Ng6 7. Qd2 Ncxe5 8.
Nxe5 Nxe5 9. O-O Be7 10. Qe3 Qc7 11. Bd2 d4 12. Qg3 dxc3 13. Bxc3 Bd6 14. Qxg7
Ng6 15. Qf6 Bxh2+ 16. Kh1 Be5 17. Qf3 Bxc3 18. bxc3 Bd7 19. g3 Bc6 20. Qg2
Bxg2+ 21. Kxg2 Rg8 22. Rfb1 Nf4+ 23. Kf1 Nh3 24. d4 Nxf2 25. Bb5+ Ke7 26. Ke2
Qxg3 27. Ke1 Ne4+ 28. Ke2 Nxc3+ 29. Kd2 Nxb1+ 30. Rxb1 cxd4 31. Ba4 Qc3+ 32.
Kc1 Rg1# 0-1

[Event "Tournoi Skype 031B"]
[Site "Skype"]
[Date "????.??.??"]
[Round "1.63"]
[White "Guevara, Lizbeth"]
[Black "Sanchez Baranoa, David"]
[Result "1-0"]
[WhiteElo "1129"]
[BlackElo "1000"]
[PlyCount "55"]

1. d4 e6 2. e4 d6 3. Nf3 b6 4. Bd3 Bb7 5. d5 exd5 6. exd5 Bxd5 7. O-O Be7 8.
Nc3 Bb7 9. Qe2 Nf6 10. Re1 Nbd7 11. Nd4 O-O 12. Qxe7 Qxe7 13. Rxe7 Rfe8 14.
Rxe8+ Rxe8 15. Bd2 a6 16. a4 c5 17. Nf5 d5 18. Nd6 Rb8 19. Nxb7 Rxb7 20. Bxa6
Ra7 21. Be2 Ne5 22. Bg5 Nc4 23. Bxf6 gxf6 24. Nxd5 Nxb2 25. Nxb6 Kg7 26. Ra2
Nxa4 27. Rxa4 Rxa4 28. Nxa4 1-0

[Event "Tournoi Skype 031B"]
[Site "Skype"]
[Date "????.??.??"]
[Round "1.64"]
[White "Santa Cruz, Oscar Ruben"]
[Black "Vervoort, Jean-Louis"]
[Result "0-1"]
[WhiteElo "1000"]
[BlackElo "1127"]
[PlyCount "56"]

1. e4 d5 2. exd5 Nf6 3. c4 c6 4. Nf3 cxd5 5. Nc3 d4 6. Nb5 Nc6 7. Qa4 Bd7 8.
Nfxd4 Nxd4 9. c5 Nxb5 10. Bxb5 a6 11. Bxd7+ Qxd7 12. Qxd7+ Kxd7 13. d4 e6 14.
Bf4 Be7 15. O-O-O Nd5 16. Bg3 Bg5+ 17. Kb1 Rhc8 18. f4 Bf6 19. Rc1 Rc6 20. Rhd1
Rac8 21. f5 Bg5 22. Rc4 b6 23. Bh4 Bxh4 24. Rdc1 b5 25. R4c2 Bf6 26. fxe6+ fxe6
27. Rd2 Bg5 28. Re1 Bxd2 0-1

-1/2

[Event "Tournoi Skype 031B"]
[Site "Skype"]
[Date "????.??.??"]
[Round "1.65"]
[White "Guillaume, Mickael"]
[Black "Schllosser, Marcos Antonio"]
[Result "1-0"]
[WhiteElo "1126"]
[BlackElo "1000"]
[PlyCount "45"]

1. e4 e5 2. Nf3 Nc6 3. Bc4 Bc5 4. Nc3 Nf6 5. O-O d6 6. h3 O-O 7. d3 a6 8. a4 h6
9. Re1 Re8 10. Be3 Ba7 11. Nd5 Nxd5 12. Bxd5 Nb4 13. Bc4 c6 14. Qd2 a5 15. c3
Na6 16. Bxh6 g6 17. Ng5 Kh8 18. Nxf7+ Kh7 19. Nxd8 Rxd8 20. Qg5 Re8 21. Bf7 Re7
22. Qxg6+ Kh8 23. Qg7# 1-0

[Event "Tournoi Skype 031B"]
[Site "Skype"]
[Date "????.??.??"]
[Round "1.66"]
[White "Schmalz, Guenther"]
[Black "Ruiz Aguilera, Juan Jesus"]
[Result "0-1"]
[WhiteElo "1000"]
[BlackElo "1116"]
[PlyCount "70"]

1. e4 c6 2. Nf3 d5 3. Nc3 Nf6 4. d3 e6 5. Be3 Bb4 6. Qd2 O-O 7. a3 Be7 8. Ne5
d4 9. Bg5 dxc3 10. Qxc3 Bd6 11. f4 Na6 12. O-O-O h6 13. Bh4 Nd5 14. Bxd8 Nxc3
15. bxc3 Bxa3+ 16. Kd2 Rxd8 17. d4 Nc5 18. g4 Nxe4+ 19. Ke3 Nxc3 20. Rd3 Nd5+
21. Ke4 f5+ 22. gxf5 exf5+ 23. Kf3 Bd6 24. Ng6 Kh7 25. Nh4 Be7 26. Rg1 Bxh4 27.
Bh3 Nb4 28. Rb3 Nxc2 29. Rd3 Ne1+ 30. Ke2 Nxd3 31. Kxd3 Bf2 32. Rf1 Bxd4 33.
Kc4 Be6+ 34. Kb4 a5+ 35. Ka4 Bb2 0-1